000 00536nam a22001817a 4500
999 _c18689
_d18689
003 AR-CdUCM
008 190515b ||||| |||| 00| 0 spa d
040 _aMUNICIPALIDAD PROVINCIAL DEL CUSCO
_cBIBLIOTECA MUNICIPAL DEL CUSCO
082 _210ed.
_a818.5 /
_bM45
100 _aMetalious, Grace
_939426
245 _aPeyton Place o l caldera del diablo /
260 _aMexico :
_bConstancia,
_c1965.
300 _a442 páginas ;
_c21 cm.
505 _aLiteratura...
650 _aLiteratura.
_983
942 _2ddc
_cLIBROS
945 _awfj